[Event "FIDE World Cup 2019"]
[Site "Khanty-Mansiysk RUS"]
[Date "2019.09.10"]
[Round "1"]
[White "Megaranto, Susanto"]
[Black "Karjakin, Sergey"]
[Result "0-1"]
[WhiteElo "2550"]
[BlackElo "2760"]
[PlyCount "140"]
[EventDate "2019.09.10"]

1. d4 Nf6 2. c4 e6 3. g3 Bb4+ 4. Bd2 Be7 5. Bg2 d5 6. Nf3 O-O 7. O-O Nbd7 8.
Qc2 c6 9. Bf4 b6 10. Nc3 dxc4 11. Nd2 Nd5 12. Nxc4 Nxf4 13. gxf4 Bb7 14. a4 Rc8
15. Rfd1 Qc7 16. e3 Rfd8 17. Rac1 Nf6 18. Ne5 c5 19. Bxb7 Qxb7 20. dxc5 Rxd1+
21. Rxd1 Rxc5 22. Qd3 Rc8 23. Qe2 g6 24. h3 a6 25. Qf3 Qxf3 26. Nxf3 Kf8 27.
Kf1 Ke8 28. Ne5 Rc7 29. Ke2 Bb4 30. Rc1 Bxc3 31. bxc3 Ne4 32. c4 Ke7 33. Nd3
Kd6 34. f3 Nc5 35. Ra1 Nxd3 36. Kxd3 Rc5 37. e4 f6 38. Kd4 Rh5 39. e5+ fxe5+
40. fxe5+ Kc6 41. Rd1 a5 42. f4 Rxh3 43. c5 Ra3 44. cxb6 Kxb6 45. Rb1+ Kc6 46.
Rc1+ Kd7 47. Rh1 h5 48. Rg1 Rxa4+ 49. Kc5 Rxf4 50. Rxg6 Ke7 51. Rh6 Kf7 52.
Rxh5 Rf5 53. Rh7+ Kg6 54. Rh8 Rxe5+ 55. Kd6 Re4 56. Rf8 a4 57. Kc5 Kg5 58. Rf7
e5 59. Kd5 Re3 60. Rf1 a3 61. Rf2 Kg4 62. Rg2+ Kf4 63. Rh2 Rd3+ 64. Kc4 e4 65.
Rh4+ Kf5 66. Rh2 Kg4 67. Rg2+ Kf3 68. Rh2 Rd1 69. Rh3+ Kf2 70. Rxa3 e3 0-1

[Event "FIDE World Cup 2019"]
[Site "Khanty-Mansiysk RUS"]
[Date "2019.09.10"]
[Round "1"]
[White "Mekhitarian, Krikor Sevag"]
[Black "Andreikin, Dmitry"]
[Result "1/2-1/2"]
[WhiteElo "2558"]
[BlackElo "2741"]
[PlyCount "111"]
[EventDate "2019.09.10"]

1. d4 d5 2. c4 c6 3. Nf3 Nf6 4. e3 a6 5. Bd3 Bg4 6. O-O Nbd7 7. Nbd2 e5 8. cxd5
cxd5 9. dxe5 Nxe5 10. Be2 Nxf3+ 11. Nxf3 Bd6 12. b3 Bxf3 13. Bxf3 Be5 14. Rb1
Qd6 15. g3 O-O 16. Bb2 Rfc8 17. Qd3 Rc7 18. Rfd1 Rd8 19. Bd4 Rdc8 20. Rd2 g6
21. Rbd1 Rc1 22. Bxe5 Qxe5 23. Bxd5 b5 24. Bf3 Kg7 25. Qd4 Qf5 26. Kg2 Qb1 27.
e4 Rxd1 28. Rxd1 Qxa2 29. e5 Ng8 30. e6+ Nf6 31. Ra1 Qxb3 32. Rxa6 Qc4 33. Qe5
Qc7 34. Qa1 Rf8 35. Ra7 Qd6 36. Ra6 Qc5 37. Rc6 Qf5 38. exf7 Rxf7 39. Qd4 Rd7
40. Qc3 Rd3 41. Rc7+ Rd7 42. Rc5 Rd3 43. Rxf5 Rxc3 44. Rxb5 Rc7 45. g4 h6 46.
h4 Rc4 47. g5 Nh5 48. Bxh5 gxh5 49. Kg3 Rg4+ 50. Kh3 Rf4 51. Rb7+ Kg8 52. Rb2
Kg7 53. gxh6+ Kxh6 54. Kg3 Rg4+ 55. Kh3 Rf4 56. Kg3 1/2-1/2

[Event "FIDE World Cup 2019"]
[Site "Khanty-Mansiysk RUS"]
[Date "2019.09.10"]
[Round "1"]
[White "Gonzalez Vidal, Yuri"]
[Black "Harikrishna, Pentala"]
[Result "0-1"]
[WhiteElo "2552"]
[BlackElo "2746"]
[PlyCount "102"]
[EventDate "2019.09.10"]

1. e4 e5 2. Nf3 Nc6 3. Bc4 Bc5 4. c3 Nf6 5. d4 exd4 6. e5 d5 7. Bb5 Ne4 8. cxd4
Bb6 9. Nc3 O-O 10. Be3 Bg4 11. h3 Bh5 12. Qc2 Nxc3 13. bxc3 f6 14. exf6 Qxf6
15. Be2 Ne7 16. O-O Bxf3 17. Bxf3 c6 18. Bg4 Nf5 19. Bxf5 Qxf5 20. Qxf5 Rxf5
21. Rfb1 Rf7 22. Kf1 Re8 23. Ke2 Bd8 24. Kd3 Bf6 25. a4 b6 26. a5 b5 27. a6 Be7
28. Re1 Bd6 29. Bg5 Kf8 30. f3 Bg3 31. Rxe8+ Kxe8 32. Bc1 Bd6 33. Ba3 Bxa3 34.
Rxa3 Kd7 35. Ra1 Kc7 36. Ke3 Kb6 37. Kd3 Rf6 38. Ke3 Rg6 39. Ra2 Re6+ 40. Kd2
h5 41. g4 hxg4 42. hxg4 g5 43. Ra1 Rf6 44. Ke3 c5 45. Rh1 cxd4+ 46. Kxd4 Rxf3
47. Rh6+ Ka5 48. Kxd5 Rf4 49. Rg6 Rxg4 50. Ke5 Rc4 51. Kd5 Rxc3 0-1

[Event "FIDE World Cup 2019"]
[Site "Khanty-Mansiysk RUS"]
[Date "2019.09.10"]
[Round "1"]
[White "Duda, Jan-Krzysztof"]
[Black "Henriquez Villagra, Cristobal"]
[Result "1-0"]
[WhiteElo "2730"]
[BlackElo "2587"]
[PlyCount "67"]
[EventDate "2019.09.10"]

1. e4 c5 2. Nf3 d6 3. d4 cxd4 4. Nxd4 Nf6 5. Nc3 Nc6 6. Bg5 e6 7. Qd2 a6 8.
O-O-O Bd7 9. f4 Be7 10. Nf3 b5 11. Bxf6 gxf6 12. Kb1 Qb6 13. f5 O-O-O 14. g3
Kb8 15. fxe6 fxe6 16. Bh3 Bc8 17. Qe1 Rhe8 18. Rf1 Bf8 19. Ne2 Bg7 20. Nf4 Qc5
21. c3 Qb6 22. Rf2 Re7 23. Rfd2 Ne5 24. Nd4 Rde8 25. Rf2 Bh8 26. Nh5 f5 27.
exf5 exf5 28. Re2 Ng6 29. Rxe7 Rxe7 30. Qd2 Ne5 31. Qg5 Rc7 32. Nf4 Nf7 33. Qg8
Bxd4 34. Nd5 1-0

[Event "FIDE World Cup 2019"]
[Site "Khanty-Mansiysk RUS"]
[Date "2019.09.10"]
[Round "1"]
[White "Albornoz Cabrera, Carlos Daniel"]
[Black "Svidler, Peter"]
[Result "1/2-1/2"]
[WhiteElo "2581"]
[BlackElo "2729"]
[PlyCount "76"]
[EventDate "2019.09.10"]

1. Nf3 Nf6 2. c4 c5 3. d4 cxd4 4. Nxd4 Nc6 5. Nc3 e6 6. Bf4 d5 7. e3 Bb4 8. Be2
Bd7 9. O-O dxc4 10. Bxc4 Nxd4 11. Qxd4 Bc6 12. Nb5 O-O 13. Be5 Nd7 14. Bg3 Nb6
15. Be2 Bxb5 16. Qxd8 Rfxd8 17. Bxb5 Rd2 18. Rfd1 Rxb2 19. Rab1 Rxb1 20. Rxb1
Be7 21. Be2 Rc8 22. Bf3 Rc2 23. Bxb7 Rxa2 24. Bc7 Nc4 25. g3 g6 26. Rc1 Nd6 27.
Bxd6 Bxd6 28. Rc6 Bb4 29. Ra6 Rb2 30. Rxa7 Be1 31. f4 Bf2+ 32. Kh1 Bxe3 33.
Ra8+ Kg7 34. Be4 f5 35. Bd3 h6 36. Bc4 g5 37. Bxe6 gxf4 38. Bxf5 fxg3 1/2-1/2

[Event "FIDE World Cup 2019"]
[Site "Khanty-Mansiysk RUS"]
[Date "2019.09.10"]
[Round "1"]
[White "Vitiugov, Nikita"]
[Black "Urkedal, Frode Olav Olsen"]
[Result "1/2-1/2"]
[WhiteElo "2732"]
[BlackElo "2550"]
[PlyCount "83"]
[EventDate "2019.09.10"]

1. d4 Nf6 2. c4 e6 3. g3 d5 4. Bg2 Bb4+ 5. Bd2 Be7 6. Nf3 O-O 7. O-O Nbd7 8.
Qc2 c6 9. Bf4 b6 10. Rd1 Ba6 11. cxd5 cxd5 12. Ne5 Rc8 13. Nc6 Qe8 14. Nxe7+
Qxe7 15. Nc3 Nh5 16. Be3 f5 17. Qd2 Qf7 18. f3 f4 19. Bf2 fxg3 20. hxg3 Qg6 21.
Qe1 Rce8 22. e4 dxe4 23. Nxe4 Re7 24. Rac1 Ndf6 25. Nxf6+ Qxf6 26. f4 Bb7 27.
Bxb7 Rxb7 28. Qe4 Qf7 29. d5 exd5 30. Qxd5 Nf6 31. Qxf7+ Kxf7 32. Kg2 Ng4 33.
Bg1 Re8 34. Kf3 h5 35. Rd5 g6 36. Rcd1 Rbe7 37. Rd7 Rxd7 38. Rxd7+ Re7 39. Rd6
Re1 40. Bd4 Re6 41. Rd7+ Re7 42. Rd6 1/2-1/2

[Event "FIDE World Cup 2019"]
[Site "Khanty-Mansiysk RUS"]
[Date "2019.09.10"]
[Round "1"]
[White "Santos Ruiz, Miguel"]
[Black "Wei, Yi"]
[Result "1/2-1/2"]
[WhiteElo "2560"]
[BlackElo "2721"]
[PlyCount "61"]
[EventDate "2019.09.10"]

1. e4 c5 2. Nf3 d6 3. d4 cxd4 4. Nxd4 Nf6 5. Nc3 a6 6. h3 e5 7. Nde2 h5 8. g3
Be6 9. Bg2 b5 10. a4 b4 11. Nd5 Nxd5 12. exd5 Bf5 13. c3 bxc3 14. Nxc3 Be7 15.
O-O Nd7 16. a5 h4 17. g4 Bh7 18. Be4 Bxe4 19. Nxe4 O-O 20. Qd3 f5 21. gxf5 Qe8
22. Be3 Rxf5 23. Kh2 Qf7 24. Rg1 Rf3 25. Rg4 Qf5 26. Rag1 Nf6 27. Nxf6+ Bxf6
28. Qxf5 Rxf5 29. Rc1 e4 30. b4 Rxd5 31. Rxe4 1/2-1/2

[Event "FIDE World Cup 2019"]
[Site "Khanty-Mansiysk RUS"]
[Date "2019.09.10"]
[Round "1"]
[White "Le, Quang Liem"]
[Black "Aleksandrov, Aleksej"]
[Result "1/2-1/2"]
[WhiteElo "2708"]
[BlackElo "2577"]
[PlyCount "82"]
[EventDate "2019.09.10"]

1. e4 e5 2. Nf3 Nc6 3. Bb5 Nf6 4. d3 d6 5. O-O Be7 6. c3 O-O 7. Re1 a6 8. Ba4
Re8 9. Nbd2 Bf8 10. Nf1 b5 11. Bc2 Ne7 12. d4 Ng6 13. Ng3 Bb7 14. h3 h6 15. a4
c6 16. Be3 Qc7 17. Bd3 Rad8 18. Qc2 Rc8 19. b3 Qb8 20. Red1 Ba8 21. axb5 axb5
22. dxe5 dxe5 23. c4 bxc4 24. Bxc4 c5 25. Ra5 Bb7 26. Rda1 Qc7 27. Ne1 Nf4 28.
f3 Ne6 29. Bxe6 Rxe6 30. Nd3 Nd7 31. Ra7 Nb8 32. Nxc5 Na6 33. b4 Nxb4 34. Qc1
Bxc5 35. Qxc5 Nc2 36. Qxc7 Rxc7 37. Rc1 Rec6 38. Bf2 Bc8 39. Rxc7 Rxc7 40. Nf1
Rc6 41. Ne3 Nd4 1/2-1/2

[Event "FIDE World Cup 2019"]
[Site "Khanty-Mansiysk RUS"]
[Date "2019.09.10"]
[Round "1"]
[White "Yuffa, Daniil"]
[Black "Navara, David"]
[Result "1/2-1/2"]
[WhiteElo "2577"]
[BlackElo "2724"]
[PlyCount "109"]
[EventDate "2019.09.10"]

1. d4 Nf6 2. c4 e6 3. Nf3 b6 4. a3 Bb7 5. Nc3 d5 6. cxd5 Nxd5 7. Qc2 Nxc3 8.
bxc3 c5 9. e4 Nd7 10. Bf4 cxd4 11. cxd4 Rc8 12. Qb3 Be7 13. Bd3 Nf6 14. Qb5+
Bc6 15. Qb1 Ba4 16. O-O O-O 17. Bd2 h6 18. Re1 Qc7 19. Ba6 Rcd8 20. Bb4 Bc2 21.
Qc1 Bxb4 22. Re2 Bxa3 23. Rxa3 Rc8 24. Bxc8 Rxc8 25. Rae3 b5 26. d5 Bxe4 27.
Qxc7 Rxc7 28. Rxe4 Nxe4 29. Rxe4 exd5 30. Re8+ Kh7 31. Kf1 a5 32. Rb8 Rc1+ 33.
Ke2 Rb1 34. Kd3 a4 35. Kc2 Rf1 36. Rxb5 Rxf2+ 37. Kd3 Rxg2 38. Rxd5 a3 39. Ra5
a2 40. h4 g5 41. h5 Rb2 42. Ke3 g4 43. Nh4 Rh2 44. Nf5 Rxh5 45. Kf4 Kg6 46.
Ra6+ f6 47. Ne7+ Kf7 48. Nf5 Kg6 49. Ne7+ Kf7 50. Nf5 Rh2 51. Kxg4 h5+ 52. Kg3
Rd2 53. Kf3 Rc2 54. Kg3 Rb2 55. Kf3 1/2-1/2

[Event "FIDE World Cup 2019"]
[Site "Khanty-Mansiysk RUS"]
[Date "2019.09.10"]
[Round "1"]
[White "Bu, Xiangzhi"]
[Black "Xu Xiangyu"]
[Result "1/2-1/2"]
[WhiteElo "2721"]
[BlackElo "2576"]
[PlyCount "77"]
[EventDate "2019.09.10"]

1. Nf3 d5 2. g3 g6 3. Bg2 Bg7 4. d4 Nf6 5. O-O O-O 6. Nbd2 c5 7. dxc5 a5 8. a4
Qc7 9. Nd4 e5 10. Nb5 Qxc5 11. b3 Rd8 12. Ba3 Qb6 13. c4 Be6 14. Rc1 Na6 15.
Be7 Rd7 16. c5 Qc6 17. Bd6 Ne8 18. e4 d4 19. f4 f6 20. fxe5 fxe5 21. Nc4 Nxd6
22. cxd6 Bh6 23. Rf6 Re8 24. Rxe6 Rxe6 25. Bh3 Rexd6 26. Ncxd6 Bxc1 27. Bxd7
Be3+ 28. Kg2 Qxd7 29. Nc4 Nc5 30. Nxe3 dxe3 31. Qxd7 Nxd7 32. Kf3 Nc5 33. Nd6
Kg7 34. Nc4 Nxb3 35. Nxe5 Kf6 36. Nd3 b5 37. axb5 Nd4+ 38. Kxe3 Nxb5 39. Nb2
1/2-1/2

[Event "FIDE World Cup 2019"]
[Site "Khanty-Mansiysk RUS"]
[Date "2019.09.10"]
[Round "1"]
[White "Pridorozhni, Aleksei"]
[Black "Wang, Hao"]
[Result "1/2-1/2"]
[WhiteElo "2599"]
[BlackElo "2726"]
[PlyCount "110"]
[EventDate "2019.09.10"]

1. e4 c5 2. Nf3 d6 3. d4 cxd4 4. Nxd4 Nf6 5. Nc3 a6 6. g3 e5 7. Nde2 Be7 8. Bg2
O-O 9. O-O b5 10. Nd5 Nbd7 11. Nec3 Nb6 12. Ne3 b4 13. Ncd5 Nfxd5 14. Nxd5 Nxd5
15. exd5 Bf5 16. Bd2 Qb6 17. c3 bxc3 18. Bxc3 Rfc8 19. Kh1 Bg6 20. f4 exf4 21.
Rxf4 Bg5 22. Rf1 Rc4 23. Qe2 Rac8 24. Rae1 h5 25. Qf2 Qxf2 26. Rxf2 h4 27. Bh3
R8c5 28. Bf5 Kh7 29. Bxg6+ Kxg6 30. gxh4 Rxh4 31. Rd1 f6 32. a3 Rcc4 33. Rg1
Kh7 34. Rfg2 Rc5 35. Rg4 Rxd5 36. Rxh4+ Bxh4 37. Rg4 Bf2 38. Kg2 Bb6 39. Rb4
Ba5 40. Rh4+ Kg6 41. b4 Rd3 42. Rc4 d5 43. Rc6 Bd8 44. a4 d4 45. Be1 Rd1 46.
Kf2 Be7 47. Rxa6 Rb1 48. b5 d3 49. Bd2 Bc5+ 50. Kf3 Kf5 51. Rc6 Rf1+ 52. Kg2
Rg1+ 53. Kf3 Rf1+ 54. Kg2 Rg1+ 55. Kf3 Rf1+ 1/2-1/2

[Event "FIDE World Cup 2019"]
[Site "Khanty-Mansiysk RUS"]
[Date "2019.09.10"]
[Round "1"]
[White "Shankland, Sam"]
[Black "Safarli, Eltaj"]
[Result "1/2-1/2"]
[WhiteElo "2705"]
[BlackElo "2593"]
[PlyCount "69"]
[EventDate "2019.09.10"]

1. d4 d5 2. c4 c6 3. Nc3 Nf6 4. e3 g6 5. Nf3 Bg7 6. Be2 O-O 7. O-O dxc4 8. Bxc4
Bg4 9. Be2 Nbd7 10. Bd2 Bxf3 11. Bxf3 e5 12. dxe5 Nxe5 13. Be2 Nd5 14. Qb3 Qb6
15. Na4 Qxb3 16. axb3 Nd7 17. Rfd1 b5 18. Nc3 Nxc3 19. Bxc3 Bxc3 20. Rxd7 Bxb2
21. Raxa7 Rxa7 22. Rxa7 Rd8 23. g3 Rd2 24. Kf1 Rc2 25. Bf3 Kg7 26. Rb7 Rc3 27.
Kg2 Ba3 28. h4 h5 29. Rb6 Rxb3 30. Bxc6 Be7 31. Rb7 Kf8 32. Bxb5 Rb2 33. Kf3
Bc5 34. Bc6 Rxb7 35. Bxb7 1/2-1/2

[Event "FIDE World Cup 2019"]
[Site "Khanty-Mansiysk RUS"]
[Date "2019.09.10"]
[Round "1"]
[White "Abdusattorov, Nodirbek"]
[Black "Matlakov, Maxim"]
[Result "1/2-1/2"]
[WhiteElo "2608"]
[BlackElo "2716"]
[PlyCount "53"]
[EventDate "2019.09.10"]

1. e4 e5 2. Nf3 Nc6 3. Bb5 a6 4. Ba4 Nf6 5. O-O Bc5 6. c3 b5 7. Bb3 d6 8. d4
Bb6 9. a4 Bb7 10. Re1 O-O 11. h3 h6 12. Be3 exd4 13. cxd4 Na5 14. d5 c6 15.
dxc6 Bxc6 16. axb5 axb5 17. Bxb6 Qxb6 18. Bc2 Nc4 19. Rxa8 Bxa8 20. b4 Rc8 21.
Nd4 g6 22. Nc3 Nb2 23. Qd2 Nc4 24. Qd3 Ne5 25. Qd2 Nc4 26. Qd3 Ne5 27. Qd2
1/2-1/2

[Event "FIDE World Cup 2019"]
[Site "Khanty-Mansiysk RUS"]
[Date "2019.09.10"]
[Round "1"]
[White "Tomashevsky, Evgeny"]
[Black "Petrov, Nikita"]
[Result "1/2-1/2"]
[WhiteElo "2718"]
[BlackElo "2586"]
[PlyCount "60"]
[EventDate "2019.09.10"]

1. d4 Nf6 2. c4 e6 3. Nf3 b6 4. g3 Bb7 5. Bg2 Be7 6. O-O O-O 7. b3 d5 8. Nc3
Nbd7 9. Bb2 Ne4 10. Qc2 f5 11. Rad1 c6 12. e3 Qe8 13. Ne2 g5 14. Ne5 Nxe5 15.
dxe5 g4 16. Nf4 Bg5 17. cxd5 cxd5 18. Bd4 Bxf4 19. exf4 Ba6 20. Rfe1 Rc8 21.
Qb2 Qe7 22. Rc1 Qb4 23. h3 h5 24. hxg4 hxg4 25. Be3 Rxc1 26. Rxc1 Rc8 27. Rxc8+
Bxc8 28. Bf1 Qe1 29. Qc1 Qxc1 30. Bxc1 Nc3 1/2-1/2

[Event "FIDE World Cup 2019"]
[Site "Khanty-Mansiysk RUS"]
[Date "2019.09.10"]
[Round "1"]
[White "Pichot, Alan"]
[Black "Vidit Santosh Gujrathi"]
[Result "1/2-1/2"]
[WhiteElo "2600"]
[BlackElo "2718"]
[PlyCount "61"]
[EventDate "2019.09.10"]

1. e4 e5 2. Nf3 Nc6 3. Bb5 Nf6 4. O-O Nxe4 5. Re1 Nd6 6. a4 Be7 7. Nc3 a6 8.
Bf1 Nf5 9. Nxe5 Nxe5 10. Rxe5 d6 11. Re1 d5 12. d4 O-O 13. Bf4 c6 14. Ne2 a5
15. Nc1 Bd6 16. Qd2 Qc7 17. Bxd6 Nxd6 18. Qf4 Bf5 19. Nd3 Rae8 20. Re5 g6 21.
Rae1 f6 22. Rxe8 Rxe8 23. Rxe8+ Nxe8 24. Qxc7 Nxc7 25. f3 Kf7 26. Kf2 g5 27.
Ke3 Ke7 28. c3 Ne8 29. Kd2 Nd6 30. b3 h5 31. Nf2 1/2-1/2

[Event "FIDE World Cup 2019"]
[Site "Khanty-Mansiysk RUS"]
[Date "2019.09.10"]
[Round "1"]
[White "Lysyj, Igor"]
[Black "Xiong, Jeffery"]
[Result "0-1"]
[WhiteElo "2596"]
[BlackElo "2707"]
[PlyCount "80"]
[EventDate "2019.09.10"]

1. d4 d5 2. Nf3 Nf6 3. c4 dxc4 4. e3 e6 5. Bxc4 c5 6. O-O Nc6 7. Nc3 a6 8. dxc5
Qxd1 9. Rxd1 Bxc5 10. Nd2 Be7 11. Be2 O-O 12. Nb3 e5 13. Bf3 Be6 14. Bxc6 bxc6
15. Na5 Rfc8 16. Bd2 Rab8 17. b3 Ba3 18. Be1 Bb4 19. Nc4 Bxc4 20. bxc4 Kf8 21.
Rab1 Ke7 22. Kf1 a5 23. f3 Nd7 24. Ke2 Nc5 25. Rdc1 Ke6 26. Rc2 Rd8 27. Ra1 f5
28. Rd1 Rxd1 29. Kxd1 e4 30. fxe4 fxe4 31. Ke2 Rb7 32. Bd2 Rd7 33. Nb1 Nd3 34.
a3 Rf7 35. axb4 Rf2+ 36. Kd1 axb4 37. Bc1 Rf1+ 38. Kd2 Rf2+ 39. Kd1 Rf1+ 40.
Kd2 b3 0-1

[Event "FIDE World Cup 2019"]
[Site "Khanty-Mansiysk RUS"]
[Date "2019.09.10"]
[Round "1"]
[White "Firouzja, Alireza"]
[Black "Pashikian, Arman"]
[Result "1-0"]
[WhiteElo "2702"]
[BlackElo "2599"]
[PlyCount "75"]
[EventDate "2019.09.10"]

1. Nf3 d5 2. e3 Nf6 3. c4 e6 4. Nc3 c5 5. cxd5 exd5 6. d4 Nc6 7. Bb5 cxd4 8.
Nxd4 Bd7 9. O-O Bd6 10. Nf3 Be6 11. b3 O-O 12. Bb2 Rc8 13. Rc1 Ne5 14. Nd4 a6
15. Be2 Bb8 16. Na4 Qd6 17. f4 Ned7 18. Bf3 b5 19. Nc3 Nc5 20. Nce2 Bd7 21. Ng3
Rfe8 22. Ndf5 Bxf5 23. Nxf5 Qe6 24. g4 Bd6 25. Nxd6 Qxd6 26. g5 Nfe4 27. Be5
Qd8 28. Bg4 Ra8 29. Qd4 f6 30. gxf6 gxf6 31. Rxc5 Nxc5 32. Bxf6 Qd6 33. Be5 Qg6
34. f5 Qf7 35. Bf3 Ne4 36. Bxe4 dxe4 37. Kh1 Re6 38. Qd5 1-0

[Event "FIDE World Cup 2019"]
[Site "Khanty-Mansiysk RUS"]
[Date "2019.09.11"]
[Round "2"]
[White "Ding, Liren"]
[Black "Press, Shaun"]
[Result "1-0"]
[WhiteElo "2811"]
[BlackElo "1954"]
[PlyCount "35"]
[EventDate "2019.09.10"]

1. c4 Nf6 2. Nc3 e6 3. e4 d5 4. e5 Nfd7 5. d4 dxc4 6. Bxc4 Nb6 7. Bd3 c5 8.
dxc5 Bxc5 9. Nf3 Nc6 10. O-O h6 11. Qe2 Bd7 12. a3 Nd5 13. Ne4 Be7 14. b4 Qb8
15. Bb2 Nf4 16. Qe3 Nxd3 17. Qxd3 O-O 18. b5 1-0

[Event "FIDE World Cup 2019"]
[Site "Khanty-Mansiysk RUS"]
[Date "2019.09.11"]
[Round "2"]
[White "Mohammad Fahad, Rahman"]
[Black "Giri, Anish"]
[Result "0-1"]
[WhiteElo "2250"]
[BlackElo "2780"]
[PlyCount "72"]
[EventDate "2019.09.10"]

1. e4 c5 2. Nf3 Nc6 3. Nc3 e5 4. Bc4 Be7 5. d3 d6 6. Nd2 Nf6 7. Nf1 Bg4 8. f3
Be6 9. Ne3 O-O 10. Ncd5 a6 11. c3 b5 12. Nxf6+ Bxf6 13. Bd5 Qd7 14. O-O Rab8
15. Bd2 Bg5 16. Nf5 Bxd5 17. Bxg5 Be6 18. Ne3 f6 19. Bh4 d5 20. exd5 Bxd5 21.
Bf2 Rfd8 22. Qe2 Bf7 23. Nc2 Bg6 24. Ne1 Qd5 25. Be3 Rb7 26. f4 exf4 27. Rxf4
Re7 28. Qf2 Rde8 29. c4 bxc4 30. dxc4 Qe6 31. Bd2 Nd4 32. Rxd4 cxd4 33. Qxd4
Rd7 34. Qc3 Red8 35. Nf3 Rd3 36. Re1 Qd7 0-1

[Event "FIDE World Cup 2019"]
[Site "Khanty-Mansiysk RUS"]
[Date "2019.09.11"]
[Round "2"]
[White "Vachier-Lagrave, Maxime"]
[Black "Anwuli, Daniel"]
[Result "1-0"]
[WhiteElo "2774"]
[BlackElo "2284"]
[PlyCount "85"]
[EventDate "2019.09.10"]

1. e4 e5 2. Nf3 Nc6 3. Bb5 a6 4. Ba4 Nf6 5. O-O Be7 6. d3 b5 7. Bb3 d6 8. a3
O-O 9. Nc3 Na5 10. Ba2 c5 11. b4 cxb4 12. axb4 Nc6 13. Nd5 Be6 14. Bd2 Bxd5 15.
exd5 Nb8 16. Re1 h6 17. Bb3 Nbd7 18. c4 Nb6 19. Ra2 Qc7 20. Rc2 Qb7 21. Nh4
Rfc8 22. Nf5 Bf8 23. Qf3 Nbd7 24. Qh3 h5 25. Rec1 a5 26. bxa5 g6 27. Ne3 Nc5
28. cxb5 Nxb3 29. Rxc8 Nxc1 30. Rxc1 Qxb5 31. Nc4 Nxd5 32. Qf3 Rc8 33. h3 Rc5
34. Kh2 Be7 35. Ra1 Qa6 36. Rb1 Kg7 37. Rb8 Bf6 38. Nb6 Nxb6 39. axb6 Rc8 40.
Rxc8 Qxc8 41. b7 Qb8 42. Qc6 Bd8 43. Qc8 1-0

[Event "FIDE World Cup 2019"]
[Site "Khanty-Mansiysk RUS"]
[Date "2019.09.11"]
[Round "2"]
[White "Duran Vega, Sergio"]
[Black "So, Wesley"]
[Result "0-1"]
[WhiteElo "2387"]
[BlackElo "2767"]
[PlyCount "84"]
[EventDate "2019.09.10"]

1. c4 Nf6 2. Nf3 e6 3. g3 d5 4. Bg2 Be7 5. O-O O-O 6. d4 dxc4 7. Qc2 a6 8. a4
Bd7 9. Qxc4 Bc6 10. Bf4 Bd6 11. Qc1 Nbd7 12. Nc3 Qe7 13. Re1 Bxf3 14. Bxf3 c6
15. a5 Rad8 16. Bg2 Bxf4 17. gxf4 Kh8 18. e3 Rg8 19. Qc2 g5 20. f5 g4 21. fxe6
fxe6 22. Qb3 Rb8 23. Ra4 Nf8 24. Qb4 Qf7 25. Qc5 Ng6 26. Qg5 Rbf8 27. Rf1 Qg7
28. Kh1 h6 29. Qc5 Nh4 30. Raa1 Qc7 31. Ne4 Nxg2 32. Nxf6 Rxf6 33. Kxg2 Rg5 34.
Qc3 Rh5 35. Rh1 Qd7 36. Qd3 Qd5+ 37. Kg1 Qf3 38. Rf1 Rxa5 39. Qb3 Rh5 40. Qd3
a5 41. b3 Rg5 42. Qd1 Qh3 0-1

[Event "FIDE World Cup 2019"]
[Site "Khanty-Mansiysk RUS"]
[Date "2019.09.11"]
[Round "2"]
[White "Nepomniachtchi, Ian"]
[Black "Gan-Erdene, Sugar"]
[Result "1-0"]
[WhiteElo "2776"]
[BlackElo "2407"]
[PlyCount "73"]
[EventDate "2019.09.10"]

1. e4 c5 2. Nf3 d6 3. d4 cxd4 4. Nxd4 Nf6 5. Nc3 Nc6 6. Bg5 e6 7. Qd2 a6 8.
O-O-O h6 9. Nxc6 bxc6 10. Bf4 d5 11. Qe3 Qa5 12. Be2 Bb7 13. Kb1 O-O-O 14. Bg3
Rd7 15. Qa7 Kd8 16. exd5 cxd5 17. Bb5 Rc7 18. Rd3 Bc8 19. Qxc7+ Qxc7 20. Bxc7+
Kxc7 21. Ba4 Bc5 22. f3 Bb7 23. Rhd1 h5 24. Bb3 h4 25. Na4 Bd6 26. c4 Bxh2 27.
Nc5 dxc4 28. Bxc4 Bd5 29. Nxa6+ Kb6 30. Rb3+ Ka7 31. Bxd5 Nxd5 32. Nb4 Nb6 33.
Nc6+ Kb7 34. Nd8+ Kc7 35. Nxf7 Rh5 36. Rc1+ Kb7 37. Nd8+ 1-0

[Event "FIDE World Cup 2019"]
[Site "Khanty-Mansiysk RUS"]
[Date "2019.09.11"]
[Round "2"]
[White "El Gindy, Essam"]
[Black "Aronian, Levon"]
[Result "0-1"]
[WhiteElo "2431"]
[BlackElo "2758"]
[PlyCount "138"]
[EventDate "2019.09.10"]

1. d4 Nf6 2. c4 e6 3. Nc3 Bb4 4. a3 Bxc3+ 5. bxc3 Nc6 6. f3 b6 7. e4 d6 8. Bd3
Na5 9. Bg5 h6 10. Bh4 Ba6 11. Qe2 Qd7 12. a4 Qc6 13. d5 Qb7 14. Bxf6 gxf6 15.
Rb1 Qc8 16. Nh3 Nb7 17. Nf4 h5 18. g4 hxg4 19. fxg4 Nc5 20. Nh5 Ke7 21. O-O Rh6
22. Qe3 Qh8 23. Rf2 Rg8 24. Rg2 Nxd3 25. Qxd3 Rhg6 26. Qf3 Bxc4 27. Rd1 Rxg4
28. Rxg4 Qxh5 29. h3 Rxg4+ 30. hxg4 Qg5 31. Kf2 Bb3 32. Rh1 exd5 33. exd5 Bxd5
34. Re1+ Be6 35. Re4 a5 36. Qe3 Kd7 37. Kg3 Qg6 38. Kf2 f5 39. gxf5 Qxf5+ 40.
Ke1 Qd5 41. Rf4 Qb3 42. Qd3 Qb2 43. Rh4 Qc1+ 44. Kf2 Qg5 45. Qd4 Qe5 46. Qd2
Bd5 47. Qd3 Qf6+ 48. Kg3 Qg5+ 49. Rg4 Qe5+ 50. Rf4 Qe1+ 51. Kh2 Qh1+ 52. Kg3
Qg2+ 53. Kh4 Be6 54. Qb5+ Kc8 55. Qd3 Qg7 56. Qf3 Kd7 57. Rd4 f6 58. Qh5 Qg2
59. Qh7+ Kc8 60. Qh8+ Kb7 61. Qxf6 Qh3+ 62. Kg5 Qg3+ 63. Kh6 Qxc3 64. Qf4 Bd7
65. Kg6 Bc6 66. Kf6 Bxa4 67. Ke7 Bc6 68. Kd8 Qh3 69. Qg4 Qh8+ 0-1

[Event "FIDE World Cup 2019"]
[Site "Khanty-Mansiysk RUS"]
[Date "2019.09.11"]
[Round "2"]
[White "Mamedyarov, Shakhriyar"]
[Black "Rakotomaharo, Fy Antenaina"]
[Result "1-0"]
[WhiteElo "2767"]
[BlackElo "2428"]
[PlyCount "63"]
[EventDate "2019.09.10"]

1. Nf3 Nf6 2. c4 e6 3. Nc3 d5 4. e3 c5 5. cxd5 exd5 6. d4 a6 7. g3 Bd6 8. Bg2
Nc6 9. O-O O-O 10. b3 Bg4 11. dxc5 Bxc5 12. h3 Bh5 13. Bb2 Ba7 14. Ne2 Bg6 15.
Nf4 Be4 16. Bxf6 Qxf6 17. Nxd5 Qh6 18. Nh4 Bxg2 19. Kxg2 Rad8 20. Qf3 f5 21.
Rad1 Qe6 22. Nf4 Qf7 23. g4 Ne5 24. Qg3 Rxd1 25. Rxd1 fxg4 26. hxg4 g5 27. Nf5
Nxg4 28. Nd5 Kh8 29. e4 Nf6 30. Qc3 Qh5 31. Nxf6 Qxd1 32. Qc7 1-0

[Event "FIDE World Cup 2019"]
[Site "Khanty-Mansiysk RUS"]
[Date "2019.09.11"]
[Round "2"]
[White "Grischuk, Alexander"]
[Black "Pultinevicius, Paulius"]
[Result "1-0"]
[WhiteElo "2759"]
[BlackElo "2503"]
[PlyCount "79"]
[EventDate "2019.09.10"]

1. d4 Nf6 2. c4 g6 3. Nc3 d5 4. cxd5 Nxd5 5. e4 Nxc3 6. bxc3 Bg7 7. Nf3 c5 8.
Be3 Bg4 9. Rc1 Qa5 10. Qd2 Nd7 11. d5 O-O 12. c4 Qa3 13. Be2 Nf6 14. e5 Nd7 15.
e6 fxe6 16. Ng5 Ne5 17. Bxg4 Nxg4 18. Nxe6 Nxe3 19. fxe3 Rf5 20. Rf1 Re5 21.
Rf3 Bh6 22. Kf2 b5 23. cxb5 Rb8 24. Rc3 Qb4 25. a4 Qxa4 26. Rxc5 Qh4+ 27. Kf1
Qxh2 28. Qc3 Rf5 29. Rc8+ Rxc8 30. Qxc8+ Kf7 31. Rxf5+ gxf5 32. Nd8+ Kg7 33.
Qxf5 Qh1+ 34. Kf2 Bxe3+ 35. Ke2 Qxg2+ 36. Kxe3 Qg1+ 37. Ke2 Qg2+ 38. Kd3 Qg3+
39. Kc4 Qc7+ 40. Nc6 1-0

[Event "FIDE World Cup 2019"]
[Site "Khanty-Mansiysk RUS"]
[Date "2019.09.11"]
[Round "2"]
[White "Ziska, Helgi Dam"]
[Black "Radjabov, Teimour"]
[Result "1/2-1/2"]
[WhiteElo "2533"]
[BlackElo "2758"]
[PlyCount "60"]
[EventDate "2019.09.10"]

1. e4 e5 2. Nf3 Nc6 3. Bc4 Bc5 4. O-O Nf6 5. d3 O-O 6. h3 h6 7. c3 d6 8. a4 a6
9. Re1 Ba7 10. Nbd2 Be6 11. Bxe6 fxe6 12. b4 Nh5 13. Ra2 Qe8 14. Nf1 Nf4 15.
Kh2 Qf7 16. Be3 Bxe3 17. fxe3 Ng6 18. Qb3 Kh7 19. a5 Qd7 20. N1d2 d5 21. d4 Qd6
22. Kg1 Kh8 23. Raa1 Nce7 24. c4 c6 25. Qc3 exd4 26. exd4 Qg3 27. Nf1 Qf4 28.
N1d2 Qg3 29. Nf1 Qf4 30. N1d2 Qg3 1/2-1/2